Ускорение научно-технического прогресса - главное звено коренной перестройки управления экономикой: указатель книг и статей на русском языке за 1985 (2-я половина) - 1987 (сентябрь) гг.

Detalles Bibliográficos
Autor Corporativo: Государственная библиотека СССР им. В.И. Ленина
Otros Autores: Матвеева Г. И. (составитель)
Sumario:Исключено из фонда НТБ ТПУ
Lenguaje:ruso
Publicado: Москва, Изд-во ГБЛ, 1988
Formato: MixedMaterials Libro
KOHA link:https://koha.lib.tpu.ru/cgi-bin/koha/opac-detail.pl?biblionumber=264627

MARC

LEADER 00000nam0a2200000 4500
001 264627
005 20231101233840.0
035 |a (RuTPU)RU\TPU\book\287622 
090 |a 264627 
100 |a 20140620d1988 k y0rusy50 ca 
101 0 |a rus 
102 |a RU 
105 |a a ac 001zy 
200 1 |a Ускорение научно-технического прогресса - главное звено коренной перестройки управления экономикой  |e указатель книг и статей на русском языке за 1985 (2-я половина) - 1987 (сентябрь) гг.  |f Государственная библиотека СССР им. В.И. Ленина ; сост. Г. И. Матвеева 
210 |a Москва  |c Изд-во ГБЛ  |d 1988 
215 |a 128 с. 
333 |a Исключено из фонда НТБ ТПУ 
702 1 |a Матвеева  |b Г. И.  |4 220 
712 0 2 |a Государственная библиотека СССР им. В.И. Ленина  |9 24199 
801 1 |a RU  |b 63413507  |c 20140620 
801 2 |a RU  |b 63413507  |c 20220413  |g RCR 
942 |c BK